| 000 | 00549nam a2200205 a 4500 | ||
|---|---|---|---|
| 005 | 20140310183220.0 | ||
| 008 | 030929s19uu xx 00 eng d | ||
| 020 | _a0198328133 | ||
| 050 |
_aTS 1765 _b.D748 1999 |
||
| 100 | _aDown, Jane | ||
| 245 |
_aTextiles technology to GCSE / _cJane Down. |
||
| 260 |
_aOxford : _bOxford University Press, _c1999. |
||
| 300 |
_a172p. : _bill. col. ; _c26 cm. |
||
| 440 | _aDesign & technology | ||
| 500 | _aIncludes Index | ||
| 521 | _aMA | ||
| 650 | _aFabrics | ||
| 942 |
_cBK _2lcc _kFOR |
||
| 999 |
_c20299 _d20299 |
||